| 000 | 00560nam a2200229Ia 4500 | ||
|---|---|---|---|
| 999 |
_c39097 _d39097 |
||
| 003 | 0100 | ||
| 005 | 20181120105938.0 | ||
| 008 | 130303s9999 xx 000 0 und d | ||
| 020 | _a0691017824 | ||
| 040 | _cARRUPELIB | ||
| 050 | _aBF315.J8 1966 | ||
| 100 |
_aJung, Carl Gustav _925814 |
||
| 245 |
_aTwo essays on analytical psychology _cC.G. Jung |
||
| 250 | _a2nd ed. | ||
| 260 |
_aPrinceton _bPrinceton University Press _c1956 |
||
| 300 |
_axi, 349p. ; _c22cm. |
||
| 440 |
_aBollingen Series xx _943530 |
||
| 700 |
_aHull , R.F.C. (tr.) _943531 |
||
| 942 |
_2lcc _cMONOGRAPH |
||